00365 2200145 4500001002100000005001500021035002000036245006800056100001800124300001200142260002700154082001000181084001600191990001200207INLIS00000000000166520250429101255 a0010-04250000811 aKamus 3 Bahasa Arab - Inggris - Indonesia /cDrs. Ahmad Syalaby0 aAhmad Syalaby a400 hlm aSurabaya :bGiri Utama a400.3 a400.3 AHM k a0754675